Humor Books: The Subtitles Quiz Stats

 Plays Quiz Updated Jul 8, 2016

Challenge
Share
Tweet
Embed
Score 0/15 Timer 04:00
2 Plays Today
% Correct
How to Survive a Garden Gnome Attack
89.9%
Adolf Hitler
88.7%
The Little Book of Beards
84.2%
Motherhood
84%
How to Be a Villain
82.5%
The Dilbert Principle
76.5%
I Could Pee on This
76.5%
It All Started With Stones and Clubs
74.3%
% Correct
In God We Trust
73.9%
People Are Unappealing
63.1%
Regretsy
53.5%
You Can Date Boys When You're Forty
51.8%
Fart Proudly
50%
At Least in the City Someone Would Hear Me Scream
48.5%
People I Want to Punch in the Throat
43.1%

You're not logged in!

Compare scores with friends on all Sporcle quizzes.
OR
Log In

You Might Also Like...

Show Comments

Extras

Top Quizzes Today


Score Distribution

Your Account Isn't Verified!

In order to create a playlist on Sporcle, you need to verify the email address you used during registration. Go to your Sporcle Settings to finish the process.

Report this User

Report this user for behavior that violates our Community Guidelines.

Details: